000 00763nab a2200229 u 4500
001 08569
003 HDC
007 cr bn ---aaaaa
008 210130c2013 my dr|nes 0 a eng d
040 _aHDC
245 0 _aArcelorMittal Sells US1.1b Stake in Canadian Unit
260 _aKuala Lumpur :
_bThe New Straits Times Press (M) Bhd.,
_c2013
336 _atext
_2rdacontent
337 _acomputer
_2rdamedia
338 _aonline resource
_2rdacarrier
650 _aArcelorMittal
_99025
650 _atrade industry
_96708
856 _zRequest full-text at [email protected]
942 _2lcc
942 _cNEWS
942 _kNWSC 002368
999 _c5892
_d5892